Film Classé X ou Chanson de Chantal Goya ? - Statistiques

Statistiques générales
  • Ce quiz a été pris 69 fois
  • Le résultat moyen est 94 sur 150
Statistiques - réponses
Hint Réponse % Correct
Couche-moi dans le sable et fais jaillir ton pétrole Film classé X
84%
Bécassine Chanson de Chantal Goya
82%
Lèvres chaudes Film classé X
82%
Un trou ça va, trois trous bonjour les dégâts Film classé X
82%
J'ai le cœur en peine, j'ai le cœur en joie Chanson de Chantal Goya
78%
La Rousse, elle fait vraiment tout Film classé X
78%
Deux Suédoises à Paris Film classé X
78%
Mon ami le pélican Chanson de Chantal Goya
76%
Pandi-Panda Chanson de Chantal Goya
76%
Jeux de langues Film classé X
76%
Candides salopes Film classé X
76%
Grimpe-moi dessus et fais-moi mal Film classé X
76%
Violée mais consentante Film classé X
76%
Snoopy Chanson de Chantal Goya
75%
Voulez-vous danser grand-mère ? Chanson de Chantal Goya
75%
Papa Mille-Pattes Chanson de Chantal Goya
75%
Suce-moi vampire Film classé X
75%
Caresses à la danoise Film classé X
75%
Des petites saintes y touchent Film classé X
75%
Julie, par-devant, par-derrière Film classé X
75%
Les aventures des queues nickelées Film classé X
75%
Tu me fais mal, mais c'est bon Film classé X
75%
Une chienne pas comme les autres Film classé X
75%
Tourne ton cul, que je marque un but Film classé X
75%
Un lapin Chanson de Chantal Goya
73%
Le Coucou Chanson de Chantal Goya
73%
Monsieur le Chat Botté Chanson de Chantal Goya
73%
Mais en attendant Maître Renard Chanson de Chantal Goya
73%
Marchand de sable Chanson de Chantal Goya
73%
Au Château Nougatine Chanson de Chantal Goya
73%
Au revoir, c'est la vie Chanson de Chantal Goya
73%
Arrête, tu me déchires Film classé X
73%
Prends-moi tout Film classé X
73%
Les Zizis en folie Film classé X
73%
Stéphanie recto verso Film classé X
73%
La grande levrette Film classé X
73%
Cette salope d'Amanda Film classé X
73%
Entrez-vite, je mouille Film classé X
73%
Garce de brune, salope de blonde Film classé X
73%
Bien au fond du petit trou Film classé X
73%
Davy Crockett Chanson de Chantal Goya
71%
Bouba Chanson de Chantal Goya
71%
C'est Guignol ! Chanson de Chantal Goya
71%
Riri, Fifi, Loulou Chanson de Chantal Goya
71%
La poupée de sucre Chanson de Chantal Goya
71%
Change pas de main Film classé X
71%
Nelly, pile ou face Film classé X
71%
L'Arrière-Train sifflera trois fois Film classé X
71%
Gretchen sans uniforme Film classé X
71%
Le Tango du matelas Film classé X
71%
Les Turlupineuses Film classé X
71%
Maîtresses très particulières Film classé X
71%
Au Pays des souris Chanson de Chantal Goya
69%
Siffle, siffle, la marmotte Chanson de Chantal Goya
69%
Le Carrosse escargot Chanson de Chantal Goya
69%
Le feu aux fesses Film classé X
69%
Le Bouche-Trou Film classé X
69%
Ah quel plaisir de pouvoir s'en servir Film classé X
69%
Les Cajoleuses Film classé X
69%
Annonces spéciales pour couples vicieux Film classé X
69%
Tendre et malicieuse Christina Film classé X
69%
La Poupée Chanson de Chantal Goya
67%
Les Malheurs de Sophie Chanson de Chantal Goya
67%
Comme Tintin Chanson de Chantal Goya
67%
Le Feu au ventre Film classé X
67%
La Grande Culbute Film classé X
67%
Des collégiennes très spéciales Film classé X
67%
La Mouillette Film classé X
67%
La bouillie de Gribouilli Chanson de Chantal Goya
65%
Marie-Chiffon Chanson de Chantal Goya
65%
Les Pierrots de Paris Chanson de Chantal Goya
65%
La Papesse Film classé X
65%
Zob, zob, zob Film classé X
65%
J'ai pas de culotte Film classé X
65%
Rends-moi folle Film classé X
65%
Elle veut tout, tout, tout... Film classé X
65%
Bouche à bouche Film classé X
65%
Messieurs, préparez vos gros cigares Film classé X
65%
Prends une rose Chanson de Chantal Goya
64%
Toutou mon p'tit toutou Chanson de Chantal Goya
64%
Allons chanter avec Mickey Chanson de Chantal Goya
64%
Zig et Puce Chanson de Chantal Goya
64%
Pourquoi font-elles cela ? Film classé X
64%
Serre-moi contre toi, j'ai besoin de caresses Film classé X
64%
Scénario pour Vénus Film classé X
64%
Et vive les pioupious Chanson de Chantal Goya
62%
Professeur Nimbus Chanson de Chantal Goya
62%
Bobobam Chanson de Chantal Goya
62%
Une ferme abandonnée Chanson de Chantal Goya
62%
Ding-dong, sonne sonne Chanson de Chantal Goya
62%
Quand on s'est perdu Chanson de Chantal Goya
62%
Luciole mon petit éphémère Chanson de Chantal Goya
62%
Animauville Chanson de Chantal Goya
62%
On n'y peut rien Chanson de Chantal Goya
62%
Les Chatouilleuses Film classé X
62%
Les Goulues Film classé X
62%
Je suis une monteuse Film classé X
62%
D'hommes à hommes Film classé X
62%
Triples introductions Film classé X
62%
Ah ! que c'est bon Film classé X
62%
Miss Trouduc Film classé X
62%
Arrivée de Marie-Rose Chanson de Chantal Goya
60%
Monsieur Fred Hamster Chanson de Chantal Goya
60%
4 petits lapins roses Chanson de Chantal Goya
60%
Les Ardentes Film classé X
60%
Marylin et le sénateur Film classé X
60%
L'un dans l'autre Film classé X
60%
Pierrot Gourmand Chanson de Chantal Goya
58%
Toi, mon doudou Chanson de Chantal Goya
58%
La Sucette magique Film classé X
58%
Je veux tout Film classé X
58%
Coulées d'amour Film classé X
58%
Comment le revoir ? Chanson de Chantal Goya
56%
Les 4 filles du docteur March Chanson de Chantal Goya
56%
Protégez-les Chanson de Chantal Goya
56%
On devient fous dans les grands magasins Chanson de Chantal Goya
56%
La Tirette Film classé X
56%
Pipotin Chanson de Chantal Goya
55%
Capitaine Flam (la chevauchée du Capitaine Flam) Chanson de Chantal Goya
55%
Je prends la chose du bon côté Film classé X
55%
Suce pas ton pouce Film classé X
55%
Amuse-gueules Film classé X
55%
Ballade pour Cosette Chanson de Chantal Goya
53%
Les Champignoux Chanson de Chantal Goya
53%
Mon Pinocchio Chanson de Chantal Goya
51%
David le Gnome Chanson de Chantal Goya
51%
Flipper Boogie Chanson de Chantal Goya
51%
Le Sorcier marabout Chanson de Chantal Goya
51%
Wallis et Futuna Chanson de Chantal Goya
51%
On va jouer au carnaval Chanson de Chantal Goya
49%
Une cuillère pour maman Chanson de Chantal Goya
49%
Dans la rue Chanson de Chantal Goya
47%
Les 3 joyeux Pieds Nickelés Chanson de Chantal Goya
47%
La Maison de Fat Mama Film classé X
47%
Petit Taureau d'Espagne Chanson de Chantal Goya
45%
Si tu gagnes au flipper Chanson de Chantal Goya
44%
Marie-Rose et l'Homme invisible Chanson de Chantal Goya
44%
Justine et Juliette Film classé X
44%
Les Boules de neige Chanson de Chantal Goya
42%
Sème, sème, sème Chanson de Chantal Goya
42%
Amis faisons du sport Chanson de Chantal Goya
42%
Et... Dieu créa les hommes Film classé X
42%
Pour qu'il soit doux à sa doudou Chanson de Chantal Goya
40%
Riguedigueding (la mère Pigalle et le père Clichy) Chanson de Chantal Goya
40%
Tourbichon Chanson de Chantal Goya
40%
C’est bien Bernard Chanson de Chantal Goya
36%
Masculin Féminin Chanson de Chantal Goya
29%
Soufflavide et Grattamort Chanson de Chantal Goya
29%
L'hippopotamours Film classé X
22%
La Cueillette des cerises Film classé X
18%
Aucun quiz correspondant
Distribution des résultats
% des personnes avec chaque résultat
Percentile par nombre de réponses
Votre historique - résultats
Vous n’avez pas pris ce quiz